[Event "Penang op 11th"]
[Site "Penang"]
[Date "2019.12.14"]
[Round "9"]
[White "Jamals, Hendry"]
[Black "Xie, Kaifan"]
[Result "1/2-1/2"]
[WhiteElo "2076"]
[BlackElo "1905"]
[PlyCount "40"]
[EventDate "2019.12.09"]
[EventType "swiss"]
[EventRounds "9"]
[EventCountry "MAS"]
[SourceTitle "CBM 193 Extra"]
[Source "ChessBase"]
[SourceDate "2020.01.31"]
[SourceVersion "1"]
[SourceVersionDate "2020.01.31"]
[SourceQuality "1"]

1. e4 c5 2. Nf3 d6 3. d4 cxd4 4. Qxd4 a6 5. c4 Nc6 6. Qe3 g6 7. Nc3 Bg7 8. Be2 Nf6 9. h3 0-0 10. 0-0 Bd7 11. Bd2 e6 12. Rac1 Qe7 13. Rfd1 Rfd8 14. b3 Be8 15. Bf1 Nd7 16. Qg5 Bf6 17. Qh6 Nce5 18. Be2 Nxf3+ 19. Bxf3 Nc5 20. Qe3 a5 1/2-1/2

[Event "Penang op 11th"]
[Site "Penang"]
[Date "2019.12.10"]
[Round "2"]
[White "Aravind, PVS"]
[Black "Jamals, Hendry"]
[Result "1/2-1/2"]
[WhiteElo "1688"]
[BlackElo "2076"]
[PlyCount "36"]
[EventDate "2019.12.09"]
[EventType "swiss"]
[EventRounds "9"]
[EventCountry "MAS"]
[SourceTitle "CBM 193 Extra"]
[Source "ChessBase"]
[SourceDate "2020.01.31"]
[SourceVersion "1"]
[SourceVersionDate "2020.01.31"]
[SourceQuality "1"]

1. c4 g6 2. g3 Bg7 3. Bg2 d6 4. Nc3 c5 5. e3 Nc6 6. Nge2 Nf6 7. 0-0 0-0 8. d4 cxd4 9. exd4 Bf5 10. h3 Qc8 11. g4 Bd7 12. b3 h5 13. f3 Re8 14. Be3 Qd8 15. Qd2 Kh7 16. Ng3 Qa5 17. Rac1 hxg4 18. fxg4 Rg8 1/2-1/2

[Event "Penang op 11th"]
[Site "Penang"]
[Date "2019.12.10"]
[Round "3"]
[White "Jamals, Hendry"]
[Black "Tang, Ngai Juan Dixon"]
[Result "1/2-1/2"]
[WhiteElo "2076"]
[BlackElo "1445"]
[PlyCount "32"]
[EventDate "2019.12.09"]
[EventType "swiss"]
[EventRounds "9"]
[EventCountry "MAS"]
[SourceTitle "CBM 193 Extra"]
[Source "ChessBase"]
[SourceDate "2020.01.31"]
[SourceVersion "1"]
[SourceVersionDate "2020.01.31"]
[SourceQuality "1"]

1. e4 c5 2. Nf3 d6 3. d4 cxd4 4. Qxd4 a6 5. c4 Nc6 6. Qe3 Nf6 7. Nc3 g6 8. Be2 Bg7 9. h3 0-0 10. 0-0 e6 11. Rd1 Qc7 12. Bd2 Nd7 13. Rac1 b6 14. b3 Nde5 15. Nd5 Qb8 16. Nb4 a5 1/2-1/2

[Event "Penang op-A 5th"]
[Site "Penang"]
[Date "2013.12.13"]
[Round "9"]
[White "Jamals, Hendry"]
[Black "Lim, De Li Derek"]
[Result "0-1"]
[WhiteElo "2123"]
[BlackElo "1893"]
[PlyCount "113"]
[EventDate "2013.12.09"]
[EventType "swiss"]
[EventRounds "9"]
[EventCountry "MAS"]
[SourceTitle "CBM 157 Extra"]
[Source "ChessBase"]
[SourceDate "2013.12.19"]
[SourceVersion "1"]
[SourceVersionDate "2013.12.19"]
[SourceQuality "1"]

1. e4 e6 2. c4 d5 3. cxd5 exd5 4. exd5 Nf6 5. Nc3 Nxd5 6. d4 Be7 7. Bc4 Nb6 8. Bb3 0-0 9. h3 Bf6 10. Nge2 Bf5 11. 0-0 Nc6 12. Be3 Bg6 13. Qd2 Na5 14. f4 Nbc4 15. Qc1 Nxb3 16. axb3 Nxe3 17. Qxe3 Re8 18. Qd2 Be4 19. Rad1 c6 20. g4 Bd5 21. g5 Be7 22. Qc2 Qd7 23. Kh2 Rad8 24. Nxd5 Qxd5 25. Nc3 Qa5 26. Qg2 Qb4 27. d5 Qxb3 28. Rfe1 Bb4 29. dxc6 bxc6 30. Rxe8+ Rxe8 31. Qxc6 Qxb2+ 32. Kh1 Rf8 33. Nd5 Qb3 34. Rc1 Qxh3+ 35. Kg1 Bd2 36. Rc2 Be3+ 37. Nxe3 Qxe3+ 38. Rf2 g6 39. Kg2 Re8 40. Qc7 Qe7 41. Qa5 Qe4+ 42. Kg3 Qb1 43. Qxa7 Qg1+ 44. Kf3 Qe1 45. Kg2 Qe4+ 46. Kg3 Ra8 47. Qc5 Rd8 48. Qb6 Rc8 49. Rf3 Qe1+ 50. Kh3 Qh1+ 51. Kg3 h5 52. gxh6 Qxh6 53. Rd3 Qf8 54. Qf6 Qe8 55. Kf2 Rc2+ 56. Kg3 Qe1+ 57. Kg4 0-1

[Event "Penang op-A 5th"]
[Site "Penang"]
[Date "2013.12.10"]
[Round "3"]
[White "Jamals, Hendry"]
[Black "Tan, Wei Hao"]
[Result "1-0"]
[WhiteElo "2123"]
[BlackElo "1849"]
[PlyCount "101"]
[EventDate "2013.12.09"]
[EventType "swiss"]
[EventRounds "9"]
[EventCountry "MAS"]
[SourceTitle "CBM 157 Extra"]
[Source "ChessBase"]
[SourceDate "2013.12.19"]
[SourceVersion "1"]
[SourceVersionDate "2013.12.19"]
[SourceQuality "1"]

1. e4 c5 2. Nc3 a6 3. g3 d6 4. Bg2 Nf6 5. Nge2 Nc6 6. h3 e6 7. 0-0 Be7 8. d3 0-0 9. f4 Qc7 10. Kh1 b5 11. g4 b4 12. Nb1 Bb7 13. Ng3 Nd7 14. Nd2 Nd4 15. Nf3 Nxf3 16. Bxf3 d5 17. exd5 Bxd5 18. Bxd5 exd5 19. Qf3 Nb6 20. Bd2 Rfd8 21. Rae1 Bf6 22. b3 Bc3 23. Bxc3 bxc3 24. Re5 Rac8 25. Nf5 Re8 26. Rfe1 Rxe5 27. Rxe5 Kf8 28. Qe2 d4 29. Kg1 Qd8 30. Qe4 g6 31. Ng3 Nd7 32. Rd5 Qc7 33. Qg2 Re8 34. Ne4 Nb6 35. Rxc5 Qxf4 36. Qf2 Qxf2+ 37. Kxf2 Rd8 38. Nf6 Kg7 39. Rc6 Nc8 40. Rxa6 Ne7 41. a4 Rb8 42. Ke2 Rd8 43. a5 h6 44. Kd1 g5 45. Nh5+ Kh7 46. Nf6+ Kg7 47. Rd6 Rxd6 48. Ne8+ Kg6 49. Nxd6 h5 50. a6 Nc6 51. Nf5 1-0

[Event "Hong Kong-ch op"]
[Site "Hong Kong"]
[Date "2013.09.30"]
[Round "6"]
[White "Jamals, Hendry"]
[Black "Muniz Pardino, Alberto"]
[Result "1/2-1/2"]
[WhiteElo "2145"]
[BlackElo "2103"]
[PlyCount "29"]
[EventDate "2013.09.27"]
[EventType "swiss"]
[EventRounds "9"]
[EventCountry "HKG"]
[SourceTitle "EXT 2015"]
[Source "ChessBase"]
[SourceDate "2014.11.20"]
[SourceVersion "1"]
[SourceVersionDate "2014.11.20"]
[SourceQuality "1"]

1. e4 c5 2. Ne2 Nc6 3. Nbc3 g6 4. g3 Bg7 5. Bg2 Rb8 6. d3 b5 7. 0-0 b4 8. Nb1 d6 9. Nd2 e6 10. f4 Nge7 11. h3 0-0 12. Kh2 a5 13. Rb1 Qc7 14. Nf3 Ba6 15. Be3 1/2-1/2

[Event "Hong Kong-ch op"]
[Site "Hong Kong"]
[Date "2013.09.28"]
[Round "2"]
[White "Jamals, Hendry"]
[Black "Kannappan, Sigappi"]
[Result "0-1"]
[WhiteElo "2145"]
[BlackElo "1896"]
[PlyCount "94"]
[EventDate "2013.09.27"]
[EventType "swiss"]
[EventRounds "9"]
[EventCountry "HKG"]
[SourceTitle "EXT 2015"]
[Source "ChessBase"]
[SourceDate "2014.11.20"]
[SourceVersion "1"]
[SourceVersionDate "2014.11.20"]
[SourceQuality "1"]

1. e4 c5 2. Nf3 d6 3. d4 cxd4 4. Nxd4 Nf6 5. Nc3 e6 6. g4 h6 7. g5 hxg5 8. Bxg5 Nc6 9. Qd2 Qb6 10. Nb3 a6 11. Be2 Bd7 12. h4 Be7 13. Be3 Qc7 14. 0-0-0 b5 15. a3 Ne5 16. Rdg1 Nc4 17. Bxc4 bxc4 18. Nd4 Rb8 19. Qe2 Qb7 20. Qxc4 Qxb2+ 21. Kd2 Rc8 22. Rb1 Qxa3 23. Rb3 Rxc4 24. Rxa3 0-0 25. Rxa6 Rfc8 26. Nde2 Nxe4+ 27. Nxe4 Rxc2+ 28. Kd1 Rxe2 29. Ra7 Rb2 30. Rxd7 Rb1+ 31. Ke2 Rxh1 32. Rxe7 d5 33. Ng5 Rf8 34. Nf3 Rb1 35. Bd4 Rfb8 36. Ra7 R1b7 37. Ra6 Kh7 38. Ba1 Rb6 39. Ng5+ Kg6 40. Ra7 R8b7 41. Ra8 f6 42. Nf3 e5 43. Bc3 Rb3 44. Rc8 d4 45. Bd2 Kf5 46. Rc5 Ke4 47. Ne1 d3+ 0-1

[Event "Hong Kong-ch op"]
[Site "Hong Kong"]
[Date "2013.09.28"]
[Round "3"]
[White "Liao, Yu Hao"]
[Black "Jamals, Hendry"]
[Result "0-1"]
[WhiteElo "1749"]
[BlackElo "2145"]
[PlyCount "96"]
[EventDate "2013.09.27"]
[EventType "swiss"]
[EventRounds "9"]
[EventCountry "HKG"]
[SourceTitle "EXT 2015"]
[Source "ChessBase"]
[SourceDate "2014.11.20"]
[SourceVersion "1"]
[SourceVersionDate "2014.11.20"]
[SourceQuality "1"]

1. e4 e6 2. d4 d5 3. Nc3 Bb4 4. exd5 exd5 5. Bd3 Ne7 6. Nge2 0-0 7. 0-0 c6 8. Ng3 Nd7 9. h4 Re8 10. Bg5 f6 11. Bd2 Nf8 12. Nce2 Bxd2 13. Qxd2 Qd6 14. Rae1 Bd7 15. c3 Neg6 16. h5 Nh8 17. b3 Nf7 18. f4 Re7 19. c4 Rae8 20. c5 Qc7 21. Nf5 Bxf5 22. Bxf5 Nh6 23. Bh3 Re3 24. f5 Nf7 25. Nc1 R3e4 26. Rxe4 Rxe4 27. Qf2 Ng5 28. Nd3 Qa5 29. Qb2 Qc7 30. Qf2 h6 31. b4 Nfh7 32. Nf4 Qe7 33. Bg4 Qe8 34. Bd1 Nf8 35. Kh2 Re7 36. Bf3 Re3 37. Ne6 Nxf3+ 38. gxf3 Qxh5+ 39. Kg2 Ra3 40. Qc2 Nxe6 41. fxe6 Re3 42. Qf2 Qg5+ 43. Kh1 Rxe6 44. Qh2 Kh7 45. Rg1 Qf5 46. Rf1 Qd3 47. Qf2 Qe2 48. Qg1 Re3 0-1

[Event "Budapest FS08 FM-A2"]
[Site "Budapest"]
[Date "2012.08.08"]
[Round "5"]
[White "Jamals, Hendry"]
[Black "Kwapinski, Leszek"]
[Result "1/2-1/2"]
[WhiteElo "2177"]
[BlackElo "2088"]
[PlyCount "20"]
[EventDate "2012.08.04"]
[EventType "tourn"]
[EventRounds "10"]
[EventCountry "HUN"]
[SourceTitle "CBM 149 Extra"]
[Source "ChessBase"]
[SourceDate "2012.08.24"]
[SourceVersion "1"]
[SourceVersionDate "2012.08.24"]
[SourceQuality "1"]

1. e4 e5 2. Nf3 Nc6 3. Bb5 g6 4. Bxc6 dxc6 5. 0-0 Bg7 6. d3 Nf6 7. h3 0-0 8. Nc3 b5 9. Be3 Nd7 10. Qd2 c5 1/2-1/2

[Event "Kuala Lumpur op 7th"]
[Site "Kuala Lumpur"]
[Date "2010.09.02"]
[Round "3"]
[White "Goh, Wei Ming Kevin"]
[Black "Jamals, Hendry"]
[Result "1/2-1/2"]
[WhiteElo "2428"]
[BlackElo "2162"]
[PlyCount "52"]
[EventDate "2010.09.01"]
[EventType "swiss"]
[EventRounds "9"]
[EventCountry "MAS"]
[SourceTitle "CBM 138 Extra"]
[Source "ChessBase"]
[SourceDate "2010.10.29"]
[SourceVersion "1"]
[SourceVersionDate "2010.10.29"]
[SourceQuality "1"]

1. e4 e6 2. d4 d5 3. Nc3 Bb4 4. e5 b6 5. a3 Bxc3+ 6. bxc3 Ba6 7. Bxa6 Nxa6 8. Qd3 Nb8 9. Qg3 Kf8 10. h4 Ne7 11. h5 h6 12. Ne2 Qd7 13. a4 Nbc6 14. Qd3 Na5 15. g4 Qc6 16. f4 Ke8 17. f5 Qc4 18. Qf3 c5 19. 0-0 Kd7 20. Ba3 Rhe8 21. Qe3 Rac8 22. Bb2 Qa6 23. fxe6+ fxe6 24. Rae1 Rf8 25. Bc1 Qc4 26. Nf4 cxd4 1/2-1/2